Quizzes
Events
Quiz Creation
Community
Videos
Private Events
Remove Ads
Sign In
Join for FREE
Feedback
Dark Mode
Quiz Categories
Sports
Geography
Music
Movies
Television
Just For Fun
Miscellaneous
History
Literature
Language
Science
Gaming
Entertainment
Religion
Holiday
For Kids
Quiz Lab
Recent
Popular Today
Quiz Kudos Today
Editor Picks
Curator Picks
Quizzes by...
Day
Popularity
Type
Ratings
Length
Year
Community
Subscriptions
Recent Discussions
Orange Saloon
Badges
Playlists
Quests
Create
Leaderboards
Showdown
Live 5
Trivia Bingo
Activity
Puzzle Library
Sporcle Events
Private Events
Virtual Trivia
Globe League
Become a Host
Pub Owners
SporcleCon
Opinionation
Our Games
Videos
Blog
Mobile Apps
Partnerships
Remove Ads and Go Orange
Feedback
Gaming
Video Games
Board Games
Card Games
Pokémon
Mario
Nintendo
Minecraft
Console
Toys
Legend of Zelda
Gaming
Video Games
Board Games
Card Games
Pokémon
Mario
Nintendo
Minecraft
Console
Toys
Legend of Zelda
Random Quiz
Search Sporcle
×
Quiz Lab
Quiz Lab
Gaming
Soccer
Type in answers that appear in a list
Type in answers that appear in a list
Classic
Best Score? Go Orange.
FIFA 12 Best 2 players per position Stats
Can you name the FIFA 12 Best players per position?
By
Adamd665
4m
26 Questions
741 Plays
741 Plays
741 Plays
Comments
Comments
Give Quiz Kudos
Give Quiz Kudos
-
- Ratings
hide this ad
Replay
Link that replays current quiz
Next Quiz
Link to next quiz in quiz playlist
You Got
0%
They Got
Avg Score
69%
Avg Friend Score
Upgrade to see
Score Distribution
Jump to the score distribution portion of the page
Score
0/26
Timer
04:00
0
Plays Today
Position
Player
% Correct
CF
Lionel Messi
94.5%
Gk
Iker Casillas
93.8%
LW
Cristiano Ronaldo
93.1%
CM
Xavi
89.1%
ST
Wayne Rooney
88%
CAM
Iniesta
85.7%
CB
Nemanja Vidic
83.5%
CB
Gerard Piqué
83%
RB
Dani Alves
82.5%
RM
Arjen Robben
80.7%
ST
Eto'o, Ibrahimovic, Tevez
79.6%
Gk
Manuel Neuer
79.1%
LB
Ashley Cole
76.7%
Position
Player
% Correct
RB
Philip Lahm
75.7%
LM
Franck Ribéry
74%
CAM
Modric, Sneijder, Fàbregas
73.4%
LB
Patrice Evra
70.9%
LW
David Villa
60.2%
CDM
Javier Mascherano
53.4%
RW
Alexis Sánchez
52%
LM
Gareth Bale
51.1%
CM
Bastian Schweinsteiger
43.5%
CDM
Esteban Cambiasso
39.9%
CF
Suárez, Rossi
38.4%
RW
Hulk, Reyes
36%
RM
Carzola, Navas, Farfán
30.7%
Quiz Playlist
Details
Report
Send in Message
Add To Playlist
Classic:
Type in answers that appear in a list
Last Updated: Feb 16, 2017
Quiz Scoreboard
CHALLENGE
Sign Up to Join the Scoreboard
Show All
Scores
Hide
Comments
May contain spoilers
Recently Published
9x9 Crossword: Cartoon Network
by jackfrog10
Miscellaneous
3m
College Basketball Coaching Resumes
by pancakes188
Sports
9m
Billboard Blitz: Fleetwood Mac
by CooCooCachoo
Music
15s
More to Explore
Quiz From the Vault
Featured Blog Post
Where Did the Easter Bunny Come From?
hide this ad
You Might Also Like...
Tags
Football Quiz
Soccer Quiz
FIFA
ps3
PS3 Games
Xbox
Xbox 360
Today's Top Quizzes in Gaming
Browse Gaming
hide this ad
Today's Top Quizzes in Soccer
Browse Soccer
Top Contributed Quizzes in Gaming
1
5-to-1: Consoles
2
7-to-1: Board Game Piece Blitz
3
5-to-1: Legend of Zelda
4
League of Legends Pro Players by Career/Team History
5
Destiny 2 exotic weapons by perk icons
6
Ultimate Genshin Impact Logic Puzzle (up to 4.3)
7
Franchise by Action Figure
8
Who's on the WWE 2K24 Cover?
9
Genshin Impact Logic Puzzle Quiz
10
Overwatch Logic Puzzle
Explore More
Trending Topics
Marvel
Anime
Kpop
NBA
Crossword
Harry Potter
Disney
Puzzle
Country
NFL
WWE
Pokémon
Song
The Office
Soccer
hide this ad
More By:
Adamd665
Quiz
Plays
Rating
Category
Featured
Created
FIFA 12 Best 2 players per position
741
Gaming
Feb 10, 2012
Man Utd kit numbers 2011-2012
70
2.00
Sports
Feb 14, 2012
Premier league 2010-2011 in numbers
33
2.00
Sports
Feb 18, 2012
Go to Creator's Profile
Score Distribution
Quiz Creator Spotlight
Adamd665
Follow
Send a Message
Quizzes Created
-
Created Quiz Play Count
-
More By This Creator
Popular Quizzes Today
1
Find the US States - No Outlines Minefield
2
Find the Countries of Europe - No Outlines Minefield
3
The Countries of the World
4
Find the US States
5
Risky Map Clicking: Biggest States A-Z
6
US States
7
Popular People in 1961
8
Movies - When Are They Set?
More Gaming Quizzes
Are you a Black Ops 4 Braniac?
Quiz Lab
Trending Quizzes
Risky Map Clicking: Least Populous States A-Z
1-10 Letter G Words
1-10 Letter F Words
Risky Map Clicking: Next State Alphabetically
Adjectives in 80s TV Shows
Recently Updated
Leaping Animals
pecheneg
Reality TV Shows (A-Z)
bhenderson79
Rickey Henderson's Hall of Fame Teammates
pecheneg
Champions League XIs: Arsenal
pecheneg
Quick Pick: Celebrities in WWE's Hall of Fame
aduchscher
A-Z Keypad Blitz II
pecheneg
Multiple Oscar Actors
pecheneg
Mystery Phrase Blitz: Oscar 'Best Actors'
pecheneg
F. Scott Fitzgerald Novels
LTH
Pick 3 Villains
ddd62291
Trending Topics
Crossword
Marvel
Disney
Harry Potter
NBA
Kpop
Anime
Country
The Office
Puzzle
Pokémon
Soccer
Song
WWE
NFL
Your Account Isn't Verified!
In order to create a playlist on Sporcle, you need to verify the email address you used during registration. Go to your
Sporcle Settings
to finish the process.
Report this User
Report this user for behavior that violates our
Community Guidelines
.
Details:
Send Report
Go to the Sporcle.com Mobile Site →
Comments